Les stations de métro de Paris nommées en référence à une bataille - Statistiques

Statistiques générales
  • Ce quiz a été pris 31 fois
  • Le résultat moyen est 10 sur 18
Statistiques - réponses
Lignes Stations % Correct
Stalingrad
90%
Alésia
81%
Gare d'Austerlitz
81%
Pyramides
77%
Anvers
68%
Iéna
65%
Réaumur - Sébastopol
65%
Crimée
61%
Bir-Hakeim
58%
- Louvre - Rivoli
52%
Wagram
52%
Solférino
48%
Trocadéro
48%
Liège
45%
Danube
42%
Tolbiac
42%
Alma - Marceau
39%
Buzenval
29%
Aucun quiz correspondant
Distribution des résultats
% des personnes avec chaque résultat
Percentile par nombre de réponses
Votre historique - résultats
Vous n’avez pas pris ce quiz